Personnages célèbres nés en Pologne - Statistiques

Statistiques générales
  • Ce quiz a été pris 920 fois
  • Le résultat moyen est 7 sur 20
Statistiques - réponses
Naissance Indice Réponse % Correct
1867 Elle a obtenu deux prix Nobel, en physique puis en chimie Marie Skłodowska-Curie
89%
1473 Il a popularisé la théorie de l'héliocentrisme en astronomie Nicolas Copernic
74%
1920 Pape de 1978 à 2005, dont le vrai nom était Karol Józef Wojtyła Jean-Paul II
69%
1810 Pianiste romantique ayant notamment composé 21 Nocturnes Frédéric Chopin
64%
1686 Physicien à l'origine de l'échelle de température utilisée aux États-Unis Gabriel Fahrenheit
64%
1988 « Meilleur footballeur de l'année FIFA » en 2020, avec le Bayern Munich Robert Lewandowski
59%
1729 « Grande » Tsarine de Russie qui a régné au XVIIIème siècle Catherine II
51%
1943 Syndicaliste fondateur de Solidarność, prix Nobel de la Paix en 1983 Lech Wałęsa
42%
1886 Né d'une famille juive polonaise, il est le fondateur de l'État d'Israël David Ben Gourion
25%
1847 Président du Reich jusqu'en 1934, ayant eu Adolf Hitler pour chancelier Paul von Hindenburg
25%
1871 Militante marxiste qui a fondé la Ligue Spartakiste allemande en 1918 Rosa Luxemburg
25%
1703 Aristocrate polonaise qui était la femme du roi Louis XV Marie Leszczynska
22%
1972 Président de la République depuis 2015, pour le parti Droit et Justice Andrzej Duda
20%
1892 As de l'aviation qui a remporté 84 victoires lors de la Grande Guerre Manfred von Richthofen
14%
~935 Premier souverain du Royaume de Pologne, il a christianisé le pays Mieszko Ier (Piast)
13%
1941 Réalisateur des séries de films Le Décalogue et Trois Couleurs Krzysztof Kieślowski
10%
1788 Philosophe du Monde comme volonté et comme représentation Arthur Schopenhauer
9%
1798 Poète romantique qui donne son surnom au polonais : « langue de ___ » Adam Mickiewicz
8%
1746 Héros national de la République des Deux-Nations et des États-Unis Tadeusz Kościuszko
7%
1872 Industrielle qui a fondé une société de produits cosmétiques à son nom Helena Rubinstein
3%
Aucun quiz correspondant
Distribution des résultats
% des personnes avec chaque résultat
Percentile par nombre de réponses
Votre historique - résultats
Vous n’avez pas pris ce quiz